Laurus (Record no. 4585)

MARC details
000 -CABECERA
campo de control de longitud fija 02310nam a2200361Ii 4500
001 - NÚMERO DE CONTROL
campo de control ocn902657542
003 - IDENTIFICADOR DEL NÚMERO DE CONTROL
campo de control OCoLC
005 - FECHA Y HORA DE LA ÚLTIMA TRANSACCIÓN
campo de control 20250325160654.0
008 - DATOS DE LONGITUD FIJA--INFORMACIÓN GENERAL
campo de control de longitud fija 150202t20152015enkb 000 1 eng d
015 ## - NÚMERO DE BIBLIOGRAFÍA NACIONAL
Número de bibliografía nacional GBB5A5242
Fuente bnb
016 7# - NÚMERO DE CONTROL DE UNA AGENCIA BIBLIOGRÁFICA NACIONAL
Número de control del registro 017471640
Fuente Uk
020 ## - NÚMERO INTERNACIONAL ESTÁNDAR DEL LIBRO
Número Internacional Estándar del Libro 9781780748719
Información calificativa softcover
035 ## - NÚMERO DE CONTROL DEL SISTEMA
Número de control de sistema (OCoLC)902657542
040 ## - FUENTE DE LA CATALOGACIÓN
Centro catalogador/agencia de origen YDXCP
Lengua de catalogación eng
Normas de descripción rda
Centro/agencia transcriptor YDXCP
Centro/agencia modificador BTCTA
-- OCLCQ
-- BDX
-- OCLCQ
-- JHE
-- ZHB
-- IWE
-- UAB
-- OCLCF
-- OCL
-- LTP
-- OCLCO
-- FEM
-- OCL
-- SFR
-- OCLCQ
-- VTU
-- RCL
-- NZHWP
-- UKMGB
-- NZLPP
-- UOH
041 1# - CÓDIGO DE LENGUA
Código de lengua del texto/banda sonora o título independiente eng
Código de lengua original rus
043 ## - CÓDIGO DE ÁREA GEOGRÁFICA
Código de área geográfica e-ru---
050 #4 - SIGNATURA TOPOGRÁFICA DE LA BIBLIOTECA DEL CONGRESO
Número de clasificación PG3493.76.D65
Número de documento/Ítem L3813 2015
100 ## - ENTRADA PRINCIPAL--NOMBRE DE PERSONA
Nombre de persona Vodolazkin, E. G.,
Término indicativo de función/relación author.
9 (RLIN) 25029
240 10 - TÍTULO UNIFORME
Título uniforme Lavr.
Lenguaje de la obra English.
245 10 - MENCIÓN DE TÍTULO
Título Laurus
Mención de responsabilidad, etc. / Eugene Vodolazkin ; translated from the Russian by Lisa C. Hayden.
264 #1 - PRODUCCIÓN, PUBLICACIÓN, DISTRIBUCIÓN, FABRICACIÓN Y COPYRIGHT
Producción, publicación, distribución, fabricación y copyright London, England :
Nombre del de productor, editor, distribuidor, fabricante Oneworld,
Fecha de producción, publicación, distribución, fabricación o copyright 2015.
300 ## - DESCRIPCIÓN FÍSICA
Extensión xii, 365 pages :
Otras características físicas map ;
Dimensiones 24 cm.
500 ## - NOTA GENERAL
Nota general Originally published in Russian, 2012.
505 0# - NOTA DE CONTENIDO CON FORMATO
Nota de contenido con formato Prolegomenon —<br/>The Book of Cognition —<br/>The Book of Renunciation —<br/>The Book of Journeys —<br/>The Book of Repose.
520 ## - SUMARIO, ETC.
Sumario, etc. It is a time of plague and pestilence, and a young healer, skilled in the art of herbs and remedies, finds himself overcome with grief and guilt when he fails to save the one he holds closest to his heart. Leaving behind his village, his possessions and his name, he sets out on a quest for redemption, penniless and alone. But this is no ordinary journey: wandering across plague-ridden Europe, offering his healing powers to all in need, he travels through ages and countries, encountering a rich tapestry of wayfarers along the way. Accosted by highwaymen, lynched in Yugoslavia and washed overboard at sea, he eventually reaches Jerusalem, only to find his greatest challenge is yet to come.<br/><br/>Winner of two of the biggest literary prizes in Russia, Laurus is a remarkably rich novel about the eternal themes of love, loss, self-sacrifice and faith, from one of the country’s most experimental and critically acclaimed novelists.
546 ## - NOTA DE LENGUA/LENGUAJE
Nota de lengua/lenguaje Translated from the Russian.
648 #0 - PUNTO DE ACCESO ADICIONAL DE MATERIA--TÉRMINO CRONOLÓGICO
Término cronológico 1400-1499
9 (RLIN) 25030
650 #0 - PUNTO DE ACCESO ADICIONAL DE MATERIA--TÉRMINO DE MATERIA
Término de materia o nombre geográfico como elemento de entrada Physicians
Subdivisión de forma Fiction
Subdivisión geográfica Russia
Subdivisión cronológica 15th century
651 #0 - PUNTO DE ACCESO ADICIONAL DE MATERIA--NOMBRE GEOGRÁFICO
Nombre geográfico Russia
Subdivisión de forma Fiction
9 (RLIN) 24285
655 #0 - TÉRMINO DE INDIZACIÓN--GÉNERO/FORMA
Datos o término principal de género/forma Historical fiction
Fuente del término fast
Número de control del registro de autoridad o número normalizado (OCoLC)fst01726640.
9 (RLIN) 22722
700 ## - ENTRADA AGREGADA--NOMBRE PERSONAL
Nombre de persona Hayden, Lisa C.,
Término indicativo de función/relación translator.
9 (RLIN) 25031
942 ## - ELEMENTOS DE ENTRADA AGREGADA (KOHA)
Fuente del sistema de clasificación o colocación Clasificación de Library of Congress
Holdings
Estado de retiro Estado de pérdida Fuente del sistema de clasificación o colocación Estado dañado No para préstamo Biblioteca de origen Biblioteca actual Fecha de adquisición Total de préstamos Signatura topográfica completa Código de barras Fecha visto por última vez Número de copia Precio válido a partir de Tipo de ítem Koha
    Clasificación de Library of Congress     TBS Barcelona TBS Barcelona 25/03/2025   P-EN VOD B05920 25/03/2025 1 25/03/2025 Book

Powered by Koha